Gendering the Christmas Allowance and Its Eligibility

Upriamenie pozornosti na genézu legislatívnych zmien vianočného príspevku ako aj na jeho opodstatnenosť. Dôraz na finančný dopad vianočného dôchodku na verejné financie ako aj na príjmovú situáciu poberateľov dôchodkových dávok. Použitá metóda analýzy dokumentov a metóda zovšeobecnenia údajov.

Salvato in:
Dettagli Bibliografici
Autore principale: Sika, Peter, 1975-
Natura: Capitolo di libro
Lingua:slovacco
Soggetti:
Tags: Aggiungi Tag
Nessun Tag, puoi essere il primo ad aggiungerne!!

MARC

LEADER 00000naa$a2200000$$$4500
001 0260456
005 20240502095034.8
041 0 |a slo 
044 |a CZ 
245 1 0 |a Gendering the Christmas Allowance and Its Eligibility  |c Peter Sika 
520 |a Upriamenie pozornosti na genézu legislatívnych zmien vianočného príspevku ako aj na jeho opodstatnenosť. Dôraz na finančný dopad vianočného dôchodku na verejné financie ako aj na príjmovú situáciu poberateľov dôchodkových dávok. Použitá metóda analýzy dokumentov a metóda zovšeobecnenia údajov. 
610 2 0 |a legislatíva 
610 2 0 |a dôchodky 
610 2 0 |a príspevky sociálne 
610 2 0 |a správa verejná 
610 2 0 |a rozpočet štátny 
610 2 0 |a chudoba 
100 1 |a Sika, Peter, 1975-